Регионална библиотека "Любен Каравелов" - Русе

Jazzanova Remixed [CD аудио] (Запис номер 216094)

MARC детайли
000 -Лидер
Контролно поле с фиксирана дължина 00825njm a2200289 c 4500
003 - Код на организацията, давaща контролен номер
Контролно поле BLK
005 - Дата и час на последна редакция
Контролно поле 20180421002245.0
008 - Елементи от данни с фиксирана дължина
fixed length control field 180410b bul||n||s|||||||| n|bulo|
010 ## - Наследен системен номер
LC control number CDD00000431000
040 ## - Източник на каталожния запис
Идентификатор на билиотеката - собственик на записа BLK
041 ## - Код за език
Код за езика на текст/звукозапис или на отделно заглавие Английски
Код за езика КДБФ Английски
080 ## - УДК
Текстов определител УДК Инструментална музика
УДК код - определител по УДК 785
УДК определител
УДК - код + определител 785
139 ## - Редно поле
Редна дума Jazzanova Remixed [CD аудио]
Авторски знак Jaz - J 31
245 10 - Сведения за заглавието
Заглавие Jazzanova Remixed [CD аудио]
Подзаглавни данни CD 1-2
Том CD 2
257 ## - Страна на издаване
Страна на създаване/издаване Германия
260 ## - Област на издателските данни
-- Munchen
Име на издателя, разпространителя и проч. Jazzanova Compost Rec.
Година на издаване 2003
300 ## - Физическа характеристика
Размери/Мащаб 12 cm.
Тип мерна единица бр. в к-т
Количество на мерната единица 1 CD
380 ## - Жанр
Жанр Изкуство
650 #4 - Допълнително описание по предмет – тема
Основно описание – тема или топоним Джаз
9 (RLIN) 153283
653 ## - Ключова дума – ненормативна
Ключова дума джаз
760 1# - Описание на основната серия
Страници - том 76мин. 9сек.
Заглавие CD 2
852 ## - Местоположение
Форматна сигнатура Цб CD 1925
Част 0
856 4# - Електронен адрес и достъп
Електронен формат pdf - файл
Път до файла /url/
856 4# - Електронен адрес и достъп
Електронен формат pdf - файл
Път до файла /url/
942 ## - АРТИКУЛИ
Вид на библиотечния материал Компактдискове
Скрит в OPAC Не
944 ## - СЪЗДАВАНЕ И РЕДАКЦИЯ на ЗАПИСА
Създаване/Редакция Създаване
Дата на регистрацията/редакция 16.10.2008
Служител, извършил регистрацията/редакцията Теодора_Стоянова
944 ## - СЪЗДАВАНЕ И РЕДАКЦИЯ на ЗАПИСА
Създаване/Редакция Редакция
Дата на регистрацията/редакция 16.10.2008
Служител, извършил регистрацията/редакцията
999 ## - СИСТЕМНИ КОНТРОЛНИ НОМЕРА
Koha biblionumber 216094
Koha biblioitemnumber 216094
Наличности
Код за отписване Код за изгубен артикул Източник на класификационната схема Код за повреда Коз за рестрикции Код за отдаване Артикулен № Име на библиотеката - собственик Име на библиотеката, в която се намира в момента Статус (Текущо местоположение) Дата на вписване в системата Местоположение - отдел Цена в лева Инвентарен номер Систематично азбучна сигнатура Баркод Номер на екземпляра Цена в евро Служебна бележка Служебен тип на артикула
  Не е изгубен Universal Decimal Classification Не е повреден без рестрикции заемане за дома 387463 Регионална библиотека "Любен Каравелов" Русе Регионална библиотека "Любен Каравелов" Русе Отдел Изкуство - подръчен фонд 2003-01-01 Отдел Изкуство - подръчен фонд 5.00 120000907769 78.036.9/J 31 120000907769 1 2.56 Дост: DA Вид: А Дата: 01.01.2003 Компактдискове
Vip Innovations Ltd, Rousse, Bulgaria 2025